[Event "3rd EUR-ch (w)"]
[Site "Varna BUL"]
[Date "2002.06.04"]
[Round "8.8"]
[White "Arakhamia-Grant, Ketevan"]
[Black "Kosintseva, Tatiana"]
[Result "1-0"]
[WhiteElo "2425"]
[BlackElo "2373"]
[EventDate "2002.05.27"]
[PlyCount "67"]

1.e4 c5 2.Nf3 Nc6 3.d4 cxd4 4.Nxd4 e5 5.Nb5 d6 6.c4 Be7 7.N1c3 a6 8.Na3 f5
9.exf5 Bxf5 10.Bd3 Be6 11.Nc2 Nf6 12.Ne3 Qd7 13.O-O O-O 14.Ne4 Nd4 15.Ng5 
b5 16.b3 Bd8 17.Bb2 Bb6 18.Rc1 h6 19.Nxe6 Qxe6 20.Kh1 bxc4 21.Nxc4 Ba7 22.
Ne3 d5 23.Bb1 Rad8 24.Bxd4 exd4 25.Nf5 Ne4 26.Nxd4 Qf6 27.Nc6 Nxf2+ 28.
Rxf2 Bxf2 29.Nxd8 Rxd8 30.Qd3 d4 31.Qh7+ Kf7 32.Rc7+ Ke6 33.Qe4+ Qe5 34.
Re7+ 1-0

[Event "3rd EUR-ch (w)"]
[Site "Varna BUL"]
[Date "2002.06.04"]
[Round "8.9"]
[White "Kononenko, Tatiana"]
[Black "Kachiani-Gersinska, Ketino"]
[Result "1/2-1/2"]
[WhiteElo "2370"]
[BlackElo "2465"]
[EventDate "2002.05.27"]
[PlyCount "176"]

1.d4 Nf6 2.c4 g6 3.Nc3 Bg7 4.e4 d6 5.f3 O-O 6.Be3 a6 7.Qd2 Nbd7 8.Rd1 b6 
9.d5 Ne5 10.b3 c5 11.dxc6 Nxc6 12.Nge2 Bd7 13.Nd4 Qc7 14.Be2 Rfc8 15.O-O 
Qb7 16.a4 Na5 17.Rb1 e6 18.Rfd1 Qc7 19.Rdc1 Qb7 20.Bf1 Be8 21.Na2 e5 22.
Nc2 Nd7 23.Qf2 f5 24.Nc3 Bf7 25.Rd1 Bf8 26.Nb4 f4 27.Bc1 Nc5 28.Nbd5 Naxb3
29.Ba3 Rc6 30.Bxc5 Nxc5 31.a5 Nd7 32.Nxb6 Nxb6 33.Rxb6 Qc8 34.Nd5 Rc5 35.
Ra1 Bxd5 36.exd5 Qc7 37.Bd3 Bg7 38.Ra2 e4 39.fxe4 Be5 40.h3 Kg7 41.Ra3 Ra7
42.Be2 h5 43.Kh1 Kh6 44.Rc6 Qb7 45.Rb6 Qe7 46.Ra2 Qg5 47.h4 Qd8 48.Ra3 Qe7
49.Bd3 Qf6 50.Be2 Bd4 51.Rxd6 Qe5 52.Re6 Bxf2 53.Rxe5 Rb7 54.g4 fxg3 55.
Re6 Rb2 56.Bf1 g2+ 57.Kxg2 Bxh4+ 58.Kh3 Be1 59.Rxa6 Rf2 60.Bg2 Rf4 61.Kh2 
Rxc4 62.Rc6 Rb4 63.Rc2 h4 64.a6 Bg3+ 65.Rxg3 hxg3+ 66.Kxg3 Rf6 67.Ra2 Rb3+
68.Kh2 Rbb6 69.a7 Ra6 70.Rd2 Rxa7 71.d6 Rf8 72.e5 Re8 73.d7 Rxd7 74.Rxd7 
Rxe5 75.Kg3 Kg5 76.Bd5 Re3+ 77.Bf3 Re5 78.Rd6 Kf5 79.Bd1 Re3+ 80.Kf2 Rc3 
81.Be2 g5 82.Bf3 Rc5 83.Kg3 Rc4 84.Rd5+ Kf6 85.Be2 Rb4 86.Bd3 Ke6 87.Rf5 
Rb3 88.Rf3 Ke5 1/2-1/2

[Event "3rd EUR-ch (w)"]
[Site "Varna BUL"]
[Date "2002.06.04"]
[Round "8.10"]
[White "Shumiakina, Tatiana"]
[Black "Bojkovic, Natasa"]
[Result "1/2-1/2"]
[WhiteElo "2366"]
[BlackElo "2431"]
[EventDate "2002.05.27"]
[PlyCount "72"]

1.d4 Nf6 2.c4 e6 3.Nc3 Bb4 4.Qc2 c5 5.dxc5 O-O 6.a3 Bxc5 7.Nf3 b6 8.Bf4 
Nc6 9.e3 Bb7 10.Be2 Rc8 11.Rd1 Be7 12.O-O Na5 13.Nb5 Be4 14.Qc1 Bxf3 15.
Bxf3 Rxc4 16.Qd2 d5 17.Be2 Qd7 18.Nd4 Rc5 19.b4 Nc4 20.Qa2 Rcc8 21.b5 Na5 
22.Bd3 Qb7 23.Rc1 Rxc1 24.Rxc1 Rc8 25.Rxc8+ Qxc8 26.Qc2 Bc5 27.a4 h6 28.h3
Qe8 29.Nf3 Nd7 30.Bg3 Nf6 31.Be5 Nb7 32.Qc3 Qd8 33.Nd4 Bxd4 34.Bxd4 Ne8 
35.f4 f6 36.Qc6 Ned6 1/2-1/2

[Event "3rd EUR-ch (w)"]
[Site "Varna BUL"]
[Date "2002.06.04"]
[Round "8.11"]
[White "Prudnikova, Svetlana"]
[Black "Zimina, Olga"]
[Result "1-0"]
[WhiteElo "2422"]
[BlackElo "2360"]
[EventDate "2002.05.27"]
[PlyCount "117"]

1.e4 c6 2.d4 d5 3.exd5 cxd5 4.c4 Nf6 5.Nc3 e6 6.Nf3 Bb4 7.Bd3 dxc4 8.Bxc4 
O-O 9.O-O Nbd7 10.Bd3 b6 11.Bg5 Bxc3 12.bxc3 Qc7 13.Rc1 Bb7 14.Re1 Rac8 
15.c4 h6 16.Bh4 Qf4 17.Bg3 Qg4 18.Be2 Qf5 19.Ne5 Rfd8 20.Bd3 Qh5 21.f3 Qg5
22.f4 Qh5 23.Qc2 a6 24.h3 b5 25.c5 Nb8 26.Qf2 Rf8 27.Bh2 Nd5 28.f5 Nc6 29.
Nxc6 Bxc6 30.Re5 Qg5 31.Rce1 exf5 32.Bxf5 Rce8 33.Bh7+ Kxh7 34.Rxg5 Rxe1+ 
35.Qxe1 hxg5 36.h4 gxh4 37.Qxh4+ Kg8 38.Qg3 Re8 39.Qd6 Re6 40.Qg3 Ne3 41.
Qb8+ Kh7 42.Be5 Nxg2 43.Qf8 f6 44.Qf7 Bd5 45.Qh5+ Kg8 46.Bg3 Ne3 47.Bf2 
Bc6 48.Qh3 f5 49.Bxe3 Rg6+ 50.Kf2 Be4 51.Qh4 Rg2+ 52.Kf1 Rxa2 53.Qd8+ Kh7 
54.d5 Ra3 55.Qh4+ Kg6 56.Qg5+ Kf7 57.Bd4 Rf3+ 58.Ke2 Ke8 59.d6 1-0

[Event "3rd EUR-ch (w)"]
[Site "Varna BUL"]
[Date "2002.06.04"]
[Round "8.12"]
[White "Kosintseva, Nadezhda"]
[Black "Vasylevich, Tatiana"]
[Result "1-0"]
[WhiteElo "2336"]
[BlackElo "2421"]
[EventDate "2002.05.27"]
[PlyCount "84"]

1.e4 c6 2.d4 d5 3.exd5 cxd5 4.c4 Nf6 5.Nc3 e6 6.Nf3 Bb4 7.Bd3 dxc4 8.Bxc4 
O-O 9.O-O b6 10.Bg5 Bb7 11.Rc1 Nbd7 12.Qe2 Rc8 13.Ba6 Bxa6 14.Qxa6 Bxc3 
15.bxc3 Qc7 16.c4 Ne4 17.Be3 Rfd8 18.a4 Nb8 19.Qb5 Nd6 20.Qb1 Nf5 21.Rfd1 
Nc6 22.Qe4 Na5 23.Bg5 Re8 24.c5 bxc5 25.Rxc5 Qb7 26.Qb1 Qxb1 27.Rxb1 Nc6 
28.Rbc1 Nfe7 29.Bxe7 Nxe7 30.Kf1 Ra8 31.Rc7 Nd5 32.Rb7 Reb8 33.Rcb1 Rxb7 
34.Rxb7 f6 35.Ke1 a6 36.Nd2 Rc8 37.Nb3 Rc4 38.Nc5 Rxd4 39.Rxg7+ Kh8 40.Rd7
Kg8 41.f3 Rc4 42.Nxe6 Nb6 1-0

[Event "3rd EUR-ch (w)"]
[Site "Varna BUL"]
[Date "2002.06.04"]
[Round "8.13"]
[White "Danielian, Elina"]
[Black "Repkova, Eva"]
[Result "0-1"]
[WhiteElo "2411"]
[BlackElo "2345"]
[EventDate "2002.05.27"]
[PlyCount "92"]

1.d4 Nf6 2.Nf3 c5 3.c3 Qb6 4.g3 d5 5.Bg2 Nc6 6.O-O Bf5 7.b3 e6 8.Bb2 Bd6 
9.Nbd2 cxd4 10.cxd4 O-O 11.Nh4 Bg4 12.h3 Bh5 13.g4 Bg6 14.Nxg6 hxg6 15.g5 
Nh5 16.e3 Qd8 17.h4 f6 18.Qg4 Qe7 19.gxf6 Qxf6 20.Bh3 Rae8 21.f4 Qf5 22.
Nf3 Qd3 23.Bc1 Nb4 24.Ne1 Qc3 25.Rb1 Nxa2 26.Ng2 Nxc1 27.Rbxc1 Qd3 28.Rfd1
Qe4 29.Rc3 Kh7 30.Ne1 Bb4 31.Nf3 Qf5 32.Rc7 Be7 33.Rxb7 Qc2 34.Rd2 Qb1+ 
35.Kh2 Bf6 36.Rg2 Rc8 37.Nd2 Qd3 38.e4 Nxf4 39.Qxf4 Bxd4 40.Qg5 Kh8 41.Qg3
Be3 42.Bxe6 Bf4 43.Qxf4 Rxf4 44.Bxc8 Rxh4+ 45.Kg1 Qe3+ 46.Rf2 Rf4 0-1

[Event "3rd EUR-ch (w)"]
[Site "Varna BUL"]
[Date "2002.06.04"]
[Round "8.15"]
[White "Nepeina-Leconte, Maria"]
[Black "Ovod, Evgenia"]
[Result "1-0"]
[WhiteElo "2308"]
[BlackElo "2379"]
[EventDate "2002.05.27"]
[PlyCount "75"]

1.e4 e5 2.Nc3 Nc6 3.Bc4 Nf6 4.d3 Bb4 5.Ne2 d5 6.exd5 Nxd5 7.O-O Be6 8.Bxd5
Bxd5 9.f4 O-O 10.f5 f6 11.Ng3 Re8 12.Qg4 Bf7 13.Nce4 Bf8 14.c3 Kh8 15.Rf3 
Ne7 16.Nh5 Ng8 17.Rg3 Bxh5 18.Qxh5 b6 19.Bd2 Re7 20.Rf1 Rd7 21.Rff3 Qe8 
22.Rg6 Qf7 23.Rh3 h6 24.Rhg3 Qxa2 25.h3 Qf7 26.R3g4 Kh7 27.Qh4 Rd6 28.Nxd6
cxd6 29.Qh5 Qe8 30.Rh4 d5 31.Qf3 Ne7 32.Bxh6 gxh6 33.Rxf6 Ng8 34.Re6 Qf7 
35.Qxd5 Qxf5 36.Qd7+ Bg7 37.Rexh6+ Nxh6 38.Qxf5+ 1-0

[Event "3rd EUR-ch (w)"]
[Site "Varna BUL"]
[Date "2002.06.04"]
[Round "8.17"]
[White "Lomineishvili, Maia"]
[Black "Mashinskaya, Yulia"]
[Result "1-0"]
[WhiteElo "2370"]
[BlackElo "2300"]
[EventDate "2002.05.27"]
[PlyCount "49"]

1.d4 d5 2.c4 c6 3.Nf3 Nf6 4.e3 e6 5.Bd3 Nbd7 6.O-O Bd6 7.Nbd2 O-O 8.e4 
dxe4 9.Nxe4 Nxe4 10.Bxe4 h6 11.Bc2 e5 12.c5 Bc7 13.Re1 exd4 14.Qxd4 Re8 
15.Rxe8+ Qxe8 16.Bd2 Nf8 17.Bc3 f6 18.Re1 Be6 19.Bb3 Qf7 20.Rxe6 Nxe6 21.
Qe4 Re8 22.Nd4 Be5 23.Nxe6 Bxc3 24.Ng5 hxg5 25.Qxe8+ 1-0

[Event "3rd EUR-ch (w)"]
[Site "Varna BUL"]
[Date "2002.06.04"]
[Round "8.18"]
[White "Peng Zhaoqin"]
[Black "Lahno, Kateryna"]
[Result "1-0"]
[WhiteElo "2472"]
[BlackElo "2277"]
[EventDate "2002.05.27"]
[PlyCount "179"]

1.d4 Nf6 2.Nf3 e6 3.c4 b6 4.Bf4 Bb7 5.e3 Bb4+ 6.Nfd2 O-O 7.a3 Bd6 8.Bxd6 
cxd6 9.Nc3 d5 10.Qf3 Bc6 11.Qh3 Qe7 12.Bd3 dxc4 13.Nxc4 d6 14.f4 Nbd7 15.
O-O h6 16.Rae1 Rac8 17.Qh4 Rfe8 18.h3 Ba8 19.Nb5 Rb8 20.Ncxd6 Red8 21.Ne4 
Nc5 22.Nxf6+ Qxf6 23.Qxf6 gxf6 24.Bb1 Ne4 25.Rd1 a6 26.Bxe4 Bxe4 27.Nc3 
Ba8 28.f5 Kg7 29.e4 b5 30.Rd3 b4 31.axb4 e5 32.d5 Rxb4 33.Ra1 Rd6 34.Ra2 
Kf8 35.Kf2 Ke7 36.Ke3 Rdb6 37.Na4 R6b5 38.Rc3 Ra5 39.Rca3 Bb7 40.Nc3 Rc5 
41.Ra4 Rb3 42.Kd3 Kd6 43.Rc4 Bc8 44.Rxc5 Kxc5 45.Ra4 Bd7 46.Rc4+ Kd6 47.
Kc2 Rb8 48.Nd1 Bb5 49.Rc3 Rg8 50.Ne3 h5 51.Kd2 Rb8 52.b3 Rg8 53.Ke1 Kd7 
54.Kf2 Kd6 55.Kf3 Kd7 56.Nc4 Ke7 57.Na5 Kd7 58.Nc4 Ke7 59.Nb6 Rb8 60.Nc8+ 
Kf8 61.Nd6 Bd7 62.Kg3 Ke7 63.Nc4 Rg8+ 64.Kf3 Bb5 65.Nb6 Rb8 66.Nc8+ Kf8 
67.Na7 Bd7 68.Nc6 Rb6 69.Kg3 Kg7 70.Kf2 Kf8 71.b4 Kg7 72.Ke3 Kf8 73.Kd3 
Ke8 74.Rc4 Kf8 75.Kc3 Ke8 76.Kb3 Rb5 77.Rc3 Kf8 78.Kc4 Ke8 79.Ra3 Bc8 80.
Ra5 Rxa5 81.bxa5 h4 82.Kc5 Kd7 83.Nb4 Kc7 84.d6+ Kb7 85.Nd5 Bd7 86.Nxf6 
Bb5 87.Ng4 Bf1 88.Nxe5 Bxg2 89.Nxf7 Bxh3 90.d7 1-0

[Event "3rd EUR-ch (w)"]
[Site "Varna BUL"]
[Date "2002.06.04"]
[Round "8.20"]
[White "Krivec, Jana"]
[Black "Slavina, Irina"]
[Result "0-1"]
[WhiteElo "2271"]
[BlackElo "2370"]
[EventDate "2002.05.27"]
[PlyCount "68"]

1.e4 e6 2.d4 d5 3.Nc3 Nf6 4.Bg5 dxe4 5.Nxe4 Be7 6.Nxf6+ Bxf6 7.Bxf6 Qxf6 
8.Bd3 Bd7 9.Ne2 c5 10.c3 Bc6 11.O-O Nd7 12.Qc2 Qh4 13.f4 Nf6 14.h3 b6 15.
dxc5 bxc5 16.b4 O-O 17.bxc5 Nd5 18.Nd4 Rac8 19.Qd2 Rfd8 20.Rab1 Qe7 21.Ba6
Rc7 22.Kh1 Qxc5 23.c4 Nb6 24.Rfd1 Rcd7 25.Nxc6 Rxd2 26.Nxd8 Qd4 27.Rxd2 
Qxd2 28.c5 Qc2 29.Rb5 Qd1+ 30.Kh2 Qxd8 31.cxb6 axb6 32.Rb4 Qd6 33.Rc4 g5 
34.Kg3 Qa3+ 0-1

[Event "3rd EUR-ch (w)"]
[Site "Varna BUL"]
[Date "2002.06.04"]
[Round "8.21"]
[White "Zayats, Elena"]
[Black "Hlgatian, Goar"]
[Result "1-0"]
[WhiteElo "2346"]
[BlackElo "2239"]
[EventDate "2002.05.27"]
[PlyCount "151"]

1.d4 d5 2.c4 c6 3.Nf3 Nf6 4.Qb3 dxc4 5.Qxc4 Nbd7 6.Nc3 Nb6 7.Qd3 g6 8.e4 
Bg7 9.h3 O-O 10.Be3 a5 11.a4 Be6 12.Qc2 Bc4 13.Be2 Ne8 14.O-O Kh8 15.Rfd1 
Bxe2 16.Qxe2 e6 17.Rab1 f5 18.d5 exd5 19.exd5 cxd5 20.Qb5 Ra6 21.Nxd5 Nxd5
22.Rxd5 Rd6 23.Rbd1 Rxd5 24.Rxd5 Qc8 25.Rc5 Qd8 26.Rd5 Qc8 27.Qb3 Rf7 28.
Ng5 Rc7 29.Qd1 Bf6 30.Kh2 h6 31.Nf3 Qe6 32.Bxh6 Bxb2 33.Bf4 Rc4 34.Be5+ 
Bxe5+ 35.Rxe5 Qd6 36.Qxd6 Nxd6 37.Rxa5 Rc2 38.Rd5 Ne4 39.Rd8+ Kg7 40.Rd7+ 
Kh6 41.Rxb7 Nxf2 42.Rb6 Ra2 43.Ne5 Rxa4 44.Rxg6+ Kh7 45.Rf6 f4 46.Kg1 Nd1 
47.Nd3 Ra1 48.Kh2 Ne3 49.Rxf4 Nf1+ 50.Kg1 Nd2+ 51.Kf2 Ra2 52.Ke3 Nb1 53.
Rf2 Ra7 54.Ne5 Kg7 55.Rc2 Na3 56.Rc5 Nb1 57.Kf4 Ra2 58.g4 Nd2 59.Kf5 Nf1 
60.Rc7+ Kf8 61.Kg6 Ne3 62.Rf7+ Ke8 63.Kg7 Rh2 64.Rf3 Nd5 65.Ng6 Rg2 66.Rf5
Nc7 67.Nf4 Rf2 68.Kg6 Ra2 69.h4 Ke7 70.Rf7+ Kd8 71.h5 Ne8 72.Ne6+ Kc8 73.
Re7 Nd6 74.h6 Rh2 75.h7 Rh4 76.g5 1-0

[Event "3rd EUR-ch (w)"]
[Site "Varna BUL"]
[Date "2002.06.04"]
[Round "8.22"]
[White "Ciuksyte, Dagne"]
[Black "Khasanova, Elmira"]
[Result "1-0"]
[WhiteElo "2340"]
[BlackElo "2256"]
[EventDate "2002.05.27"]
[PlyCount "87"]

1.e4 c5 2.Nf3 e6 3.d4 cxd4 4.Nxd4 Nf6 5.Nc3 Nc6 6.Ndb5 Bb4 7.a3 Bxc3+ 8.
Nxc3 d5 9.exd5 exd5 10.Bd3 O-O 11.O-O d4 12.Ne4 Bf5 13.Bg5 Bxe4 14.Bxe4 h6
15.Bh4 Re8 16.Bd3 Ne5 17.Re1 Nxd3 18.Rxe8+ Qxe8 19.Qxd3 Qe5 20.f3 Rc8 21.
Bf2 Qc5 22.c3 Qb6 23.Bxd4 Qxb2 24.c4 Rd8 25.Rd1 Qa2 26.Rd2 Rxd4 27.Qxd4 
Qxa3 28.c5 Qc1+ 29.Kf2 Kh7 30.h3 a5 31.Rb2 Nh5 32.Rd2 a4 33.Qd3+ g6 34.Qc2
Qa3 35.Rd7 Kg8 36.Rxb7 Nf4 37.Rd7 Qb4 38.c6 Qb6+ 39.Kg3 Qe3 40.Rd2 Nh5+ 
41.Kh2 Qe5+ 42.f4 Qxf4+ 43.Kg1 Qe3+ 44.Rf2 1-0

[Event "3rd EUR-ch (w)"]
[Site "Varna BUL"]
[Date "2002.06.04"]
[Round "8.23"]
[White "Andreeva, Natalia"]
[Black "Aleksieva, Silvia"]
[Result "0-1"]
[WhiteElo "2289"]
[BlackElo "2334"]
[EventDate "2002.05.27"]
[PlyCount "102"]

1.Nf3 g6 2.c4 Bg7 3.d4 c5 4.g3 Nc6 5.d5 Na5 6.Nfd2 d6 7.Bg2 a6 8.Nc3 Bd7 
9.Qc2 b5 10.Qd3 Rb8 11.O-O Qc8 12.Re1 h5 13.Rb1 bxc4 14.Nxc4 Nxc4 15.Qxc4 
h4 16.Bf4 hxg3 17.Bxg3 Rb4 18.Qd3 Nf6 19.e4 Ng4 20.Qd2 Ne5 21.b3 Bh3 22.f4
Rd4 23.Qc2 Nd3 24.Re3 Nb4 25.Qe2 Bxg2 26.Kxg2 Qh3+ 27.Kh1 Qh5 28.Qxh5 Rxh5
29.Rb2 f5 30.a3 Rd3 31.Rxd3 Nxd3 32.Rd2 fxe4 33.Nxe4 Rxd5 34.Kg2 a5 35.Kf3
Rd4 36.Rc2 a4 37.bxa4 Rxa4 38.Ra2 Nc1 39.Rc2 Rxa3+ 40.Kg4 Nd3 41.Bh4 Kd7 
42.Kg5 Ra4 43.Re2 d5 44.Nxc5+ Nxc5 45.Kxg6 Bf6 46.Bg5 Ne6 47.Rf2 Bxg5 48.
fxg5 Rg4 49.Rf5 Rxg5+ 50.Rxg5 Nxg5 51.Kxg5 Ke6 0-1

[Event "3rd EUR-ch (w)"]
[Site "Varna BUL"]
[Date "2002.06.04"]
[Round "8.24"]
[White "Calzetta Ruiz, Monica"]
[Black "Voiska, Margarita"]
[Result "1-0"]
[WhiteElo "2278"]
[BlackElo "2300"]
[EventDate "2002.05.27"]
[PlyCount "90"]

1.e4 d6 2.d4 g6 3.Nc3 Bg7 4.Be3 a6 5.Nf3 Nd7 6.a4 b6 7.Be2 Bb7 8.O-O e6 9.
Qc1 h6 10.Bd3 Ne7 11.h3 c5 12.Rd1 Qc7 13.Qd2 Rc8 14.Be2 c4 15.Rac1 Nf6 16.
e5 Nfd5 17.Ne4 Nf5 18.Nxd6+ Nxd6 19.exd6 Qxd6 20.c3 Qc6 21.Ra1 g5 22.Bf1 
Nxe3 23.Qxe3 O-O 24.Re1 Qc7 25.Ne5 Bd5 26.Qe2 b5 27.axb5 axb5 28.Qh5 Ra8 
29.Rxa8 Rxa8 30.h4 f6 31.Ng4 Kh7 32.hxg5 fxg5 33.Re5 Qe7 34.Re3 Ra1 35.Rh3
Qf8 36.Qxg5 Be4 37.Qxb5 Qf5 38.Qxc4 Bxg2 39.Kxg2 Qxg4+ 40.Rg3 Qe4+ 41.Kh2 
Qh4+ 42.Kg1 Qf6 43.Kg2 h5 44.Bd3+ Kh8 45.Qc8+ Bf8 1-0

[Event "3rd EUR-ch (w)"]
[Site "Varna BUL"]
[Date "2002.06.04"]
[Round "8.25"]
[White "Galoian, Lilit"]
[Black "Sikorova, Olga"]
[Result "1/2-1/2"]
[WhiteElo "2163"]
[BlackElo "2298"]
[EventDate "2002.05.27"]
[PlyCount "74"]

1.d4 c5 2.d5 Nf6 3.c4 e6 4.Nc3 exd5 5.cxd5 d6 6.e4 g6 7.Nf3 Bg7 8.h3 O-O 
9.Bd3 Na6 10.O-O Nc7 11.Bf4 a6 12.a4 Rb8 13.a5 b5 14.axb6 Rxb6 15.Ra2 Rb4 
16.Bh2 Nb5 17.Nd2 Ne8 18.Qc1 Qf6 19.e5 dxe5 20.Nde4 Qe7 21.Nxb5 axb5 22.
Qxc5 Qxc5 23.Nxc5 Nd6 24.Be2 Bf5 25.g4 Be4 26.Rd1 Rc8 27.Nxe4 Rxe4 28.Kf1 
Rb4 29.Ra6 Rd8 30.Rda1 Rxb2 31.Ra8 Rf8 32.R1a6 Ne4 33.d6 Rd2 34.Rxf8+ Bxf8
35.Bxe5 Nxd6 36.Bxd6 Rxd6 37.Rxd6 Bxd6 1/2-1/2

[Event "3rd EUR-ch (w)"]
[Site "Varna BUL"]
[Date "2002.06.04"]
[Round "8.26"]
[White "Lallemand, Roza"]
[Black "Sarakauskiene, Zivile"]
[Result "1/2-1/2"]
[WhiteElo "2300"]
[BlackElo "2105"]
[EventDate "2002.05.27"]
[PlyCount "74"]

1.e4 c5 2.Nf3 e6 3.d4 cxd4 4.Nxd4 a6 5.Bd3 Nf6 6.Nc3 d6 7.O-O Be7 8.Kh1 
O-O 9.f4 Qc7 10.Qf3 Re8 11.Qg3 Nbd7 12.Bd2 b5 13.a3 Bb7 14.Rae1 e5 15.Nf5 
g6 16.Nh6+ Kg7 17.f5 Nh5 18.Qh3 Nf4 19.Bxf4 exf4 20.fxg6 fxg6 21.Rxf4 Ne5 
22.Nf7 Nxf7 23.Rxf7+ Kxf7 24.Qxh7+ Ke6 25.Nd5 Bxd5 26.exd5+ Kd7 27.Bxg6 
Qc4 28.Qf7 Qh4 29.Qe6+ Kc7 30.Re3 Qf2 31.Rf3 Qd2 32.Rc3+ Kb6 33.h3 Qc1+ 
34.Kh2 Qf4+ 35.Kh1 Qc1+ 36.Kh2 Qf4+ 37.Kh1 Qc1+ 1/2-1/2

[Event "3rd EUR-ch (w)"]
[Site "Varna BUL"]
[Date "2002.06.04"]
[Round "8.27"]
[White "Koskoska, Gabriela"]
[Black "Foisor, Cristina"]
[Result "1/2-1/2"]
[WhiteElo "2229"]
[BlackElo "2437"]
[EventDate "2002.05.27"]
[PlyCount "116"]

1.e4 c6 2.d4 g6 3.Nf3 Bg7 4.Nc3 d6 5.a4 Nd7 6.Be2 Qc7 7.O-O Ngf6 8.Be3 O-O
9.Nd2 b6 10.f4 Bb7 11.e5 Ne8 12.Nce4 c5 13.c3 a6 14.Rc1 Rc8 15.Qb3 Bxe4 
16.Nxe4 c4 17.Qc2 d5 18.Ng5 h6 19.Nf3 e6 20.b4 Qd8 21.Kh1 Kh7 22.Bf2 Nb8 
23.Bh4 Qd7 24.g4 Nc6 25.Rg1 f6 26.exf6 Nxf6 27.Bxf6 Bxf6 28.g5 hxg5 29.
fxg5 Bg7 30.Nh4 Ne7 31.Rg3 Rf2 32.Rf1 Rcf8 33.Rxf2 Rxf2 34.Kg1 Rf4 35.Ng2 
Rf7 36.Bg4 Qd6 37.Qe2 Nf5 38.Bxf5 exf5 39.Re3 Qd8 40.Qf3 f4 41.h4 Qd7 42.
Re1 Qxa4 43.Qxd5 Rf5 44.Qf3 Qc2 45.Re2 Qd1+ 46.Ne1 a5 47.bxa5 bxa5 48.Re7 
Qb1 49.Kf1 Qb8 50.Qc6 f3 51.Qb7 Qf8 52.Nc2 Kh8 53.Qd7 Rd5 54.Qxd5 Qxe7 55.
Qxc4 Qd7 56.Kf2 Qh3 57.Qd3 Qxh4+ 58.Kxf3 Qxg5 1/2-1/2

[Event "3rd EUR-ch (w)"]
[Site "Varna BUL"]
[Date "2002.06.04"]
[Round "8.28"]
[White "Muller, Anne"]
[Black "Velcheva, Maria"]
[Result "1/2-1/2"]
[WhiteElo "2167"]
[BlackElo "2327"]
[EventDate "2002.05.27"]
[PlyCount "108"]

1.e4 e5 2.Nf3 Nc6 3.Bc4 Nf6 4.d3 Be7 5.c3 d6 6.Nbd2 O-O 7.Bb3 h6 8.O-O Nh7
9.Re1 Kh8 10.Nf1 f5 11.exf5 Bxf5 12.Ng3 Bg6 13.d4 exd4 14.Nxd4 Nxd4 15.
Qxd4 Bg5 16.Bxg5 Qxg5 17.h4 Qd8 18.h5 Bf7 19.Bxf7 Rxf7 20.Re6 Qg5 21.Rae1 
Raf8 22.Re8 b6 23.Rxf8+ Rxf8 24.Qe3 Qf6 25.Re2 d5 26.Qe5 Qf7 27.Qe6 Nf6 
28.Qxf7 Rxf7 29.Kf1 Kg8 30.f3 Rd7 31.Rd2 Kf7 32.Kf2 c6 33.Ke3 Re7+ 34.Kf2 
Re5 35.f4 Re7 36.Kf3 Rd7 37.Ke3 c5 38.Rd1 Ke6 39.Rd2 Ne8 40.Ne2 Nf6 41.Ng3
b5 42.Rd1 a5 43.b3 Ra7 44.Kd3 Rd7 45.Ke3 b4 46.c4 d4+ 47.Kd3 Kf7 48.Ne4 
Nxe4 49.Kxe4 Ke6 50.g4 Re7 51.Rd2 Kd6+ 52.Kf3 Rf7 53.Ke4 Re7+ 54.Kf3 Rf7 
1/2-1/2

[Event "3rd EUR-ch (w)"]
[Site "Varna BUL"]
[Date "2002.06.04"]
[Round "8.29"]
[White "Bednikova, Stefi"]
[Black "Zakurdyaeva, Irina"]
[Result "0-1"]
[WhiteElo "2184"]
[BlackElo "2318"]
[EventDate "2002.05.27"]
[PlyCount "110"]

1.e4 c5 2.Nf3 e6 3.d3 Nc6 4.g3 Nf6 5.Bg2 d5 6.Nbd2 Be7 7.O-O O-O 8.e5 Nd7 
9.Re1 b5 10.c3 a5 11.h4 Qc7 12.Qe2 b4 13.c4 Nb6 14.Nf1 Ba6 15.b3 a4 16.Bf4
Bb7 17.Ne3 dxc4 18.dxc4 Nd4 19.Nxd4 cxd4 20.Ng4 Bxg2 21.Kxg2 Qc6+ 22.Kg1 
axb3 23.axb3 Rxa1 24.Rxa1 Ra8 25.Rxa8+ Qxa8 26.Qd1 Bc5 27.Nh2 Qe4 28.Nf3 
d3 29.Nd2 Qe2 30.Qxe2 dxe2 31.Nf3 Nxc4 32.bxc4 b3 33.Bc1 Bd4 34.c5 b2 35.
Bxb2 Bxb2 36.c6 Bxe5 37.Ne1 Kf8 38.f4 Bd4+ 39.Kg2 Ke7 40.Kf3 Bc3 41.Kxe2 
Bxe1 42.Kxe1 Kd6 43.Ke2 Kxc6 44.Ke3 Kd5 45.g4 f6 46.g5 fxg5 47.hxg5 h5 48.
gxh6 gxh6 49.Kf3 h5 50.Ke3 h4 51.Kf3 h3 52.Kg3 Ke4 53.f5 exf5 54.Kxh3 Kf3 
55.Kh2 f4 0-1

[Event "3rd EUR-ch (w)"]
[Site "Varna BUL"]
[Date "2002.06.04"]
[Round "8.30"]
[White "Calotescu, Ana-Cristina"]
[Black "Gerasimovich, Olga"]
[Result "1-0"]
[WhiteElo "2299"]
[BlackElo "2153"]
[EventDate "2002.05.27"]
[PlyCount "141"]

1.Nf3 Nf6 2.c4 g6 3.g3 Bg7 4.Bg2 O-O 5.O-O d6 6.d4 Nc6 7.Nc3 e5 8.d5 Ne7 
9.c5 Ne8 10.cxd6 Nxd6 11.Qb3 h6 12.e4 Kh7 13.Re1 Ng8 14.a4 Qe7 15.Be3 Nf6 
16.Bc5 Nfe8 17.a5 a6 18.Rac1 Rb8 19.Nd2 Bd7 20.Nc4 h5 21.h4 g5 22.hxg5 
Qxg5 23.Na4 Rg8 24.Nxd6 cxd6 25.Nb6 Bb5 26.Bb4 Bf8 27.Re3 h4 28.Rf3 f6 29.
Rf5 Qg6 30.Qf3 hxg3 31.fxg3 Bh6 32.Kf2 Rg7 33.Rh1 Rc7 34.Bc3 Kg8 35.Rfh5 
Bg7 36.Bh3 Kf8 37.Bf5 Qf7 38.Qg4 Ke7 39.Rh7 Kd8 40.Be6 Qf8 41.Qg6 Re7 42.
Bf5 Nc7 43.Qg4 Ne8 44.R1h4 Kc7 45.Bg6 Rd8 46.Qf5 Kb8 47.Qh3 Nc7 48.Bf5 Be8
49.Bd2 Nb5 50.g4 Nd4 51.Bc3 Nb5 52.Qe3 Rc7 53.Rh1 Nxc3 54.bxc3 Rc5 55.Ra1 
Bb5 56.Ra3 Be8 57.c4 Ka7 58.Ra2 Qg8 59.Ra1 Bf8 60.Rhh1 Qg5 61.Qxg5 fxg5 
62.Ke3 Kb8 63.Kd3 Ka7 64.Ke3 Rc7 65.Ra3 Rc5 66.Kd3 Rxa5 67.Rxa5 Kxb6 68.
Raa1 Rb8 69.Rab1+ Ka7 70.Rh7 Ka8 71.Bd7 1-0

[Event "3rd EUR-ch (w)"]
[Site "Varna BUL"]
[Date "2002.06.04"]
[Round "8.32"]
[White "Movsisian, Naira"]
[Black "Georgieva, Liubka"]
[Result "1/2-1/2"]
[WhiteElo "2078"]
[BlackElo "2241"]
[EventDate "2002.05.27"]
[PlyCount "171"]

1.Nf3 c5 2.g3 g6 3.e4 Bg7 4.d3 Nc6 5.Bg2 e5 6.O-O Nge7 7.Be3 d6 8.h3 O-O 
9.Nc3 h6 10.Qd2 Kh7 11.Nh2 f5 12.f4 Be6 13.Nf3 Nd4 14.fxe5 dxe5 15.Rae1 
Qd7 16.Kh2 Rad8 17.exf5 gxf5 18.Nh4 Ng6 19.Nxg6 Kxg6 20.b3 Kh7 21.Rf2 b5 
22.a4 a6 23.axb5 axb5 24.Ra1 Rc8 25.Ra6 Rf6 26.Ne2 Nxe2 27.Qxe2 c4 28.dxc4
bxc4 29.b4 c3 30.Ra7 Rc7 31.Rxc7 Qxc7 32.b5 Bc4 33.Qh5 Bxb5 34.Rxf5 Re6 
35.Rf7 Qd6 36.Qg4 Rg6 37.Be4 Be8 38.Bxg6+ Qxg6 39.Qxg6+ Kxg6 40.Rc7 e4 41.
Rc4 Bd7 42.Rxe4 Bf5 43.Rc4 Bxc2 44.Bd4 Bxd4 45.Rxd4 Bb3 46.Rf4 c2 47.Rf1 
Bc4 48.Rc1 Bd3 49.Kg2 Be4+ 50.Kf2 Kg5 51.Ke3 Bf5 52.Kf3 h5 53.h4+ Kg6 54.
Kf4 Bd3 55.Ke5 Bf5 56.Rf1 Bg4 57.Rf6+ Kg7 58.Rc6 Bd1 59.Kf5 Kf7 60.Rc7+ 
Ke8 61.Ke6 Bg4+ 62.Ke5 Bd1 63.Kd4 Kd8 64.Rc3 Ke7 65.Ke5 Kd7 66.Kd5 Ke8 67.
Ke5 Kd7 68.Rc5 Ke7 69.Rc7+ Kd8 70.Kd6 Ke8 71.Rc8+ Kf7 72.Rc5 Kf6 73.Kd7 
Bg4+ 74.Kd6 Bd1 75.Rc4 Kf5 76.Kd5 Bf3+ 77.Kd4 Kg4 78.Ke3+ Kxg3 79.Rxc2 Bg4
80.Rf2 Kxh4 81.Kf4 Kh3 82.Rd2 Bc8 83.Rd8 Bg4 84.Rd3+ Kg2 85.Rd2+ Kh3 86.
Rd3+ 1/2-1/2

[Event "3rd EUR-ch (w)"]
[Site "Varna BUL"]
[Date "2002.06.04"]
[Round "8.33"]
[White "Kadziolka, Beata"]
[Black "Andersson, Christin"]
[Result "1-0"]
[WhiteElo "2235"]
[BlackElo "2119"]
[EventDate "2002.05.27"]
[PlyCount "144"]

1.e4 e6 2.d4 d5 3.Nc3 Bb4 4.e5 c5 5.Bd2 cxd4 6.Nb5 Bxd2+ 7.Qxd2 Nc6 8.f4 
Nge7 9.Nd6+ Kf8 10.Nf3 h6 11.O-O-O Nf5 12.Nxf5 exf5 13.Nxd4 Nxd4 14.Qxd4 
Be6 15.Kb1 Qa5 16.Bd3 h5 17.g3 Rc8 18.h3 Qc5 19.Qxc5+ Rxc5 20.g4 hxg4 21.
hxg4 Rxh1 22.Rxh1 fxg4 23.f5 Bc8 24.c3 Ke7 25.Rh7 Rc4 26.Rxg7 Kf8 27.Rg5 
Rf4 28.f6 Be6 29.Kc1 Ke8 30.Kd2 d4 31.cxd4 Rxd4 32.Ke3 Rb4 33.b3 a5 34.Be2
Kd7 35.Rg8 a4 36.bxa4 Bxa2 37.Bd3 Bd5 38.Bf5+ Be6 39.Bd3 Kc6 40.Be4+ Kb6 
41.Ra8 Kc7 42.a5 Ra4 43.Re8 Rxa5 44.Re7+ Kd8 45.Kf4 Ra4 46.Ke3 Ra3+ 47.Kf4
Ra4 48.Ke3 b6 49.Bc6 Ra1 50.Kf2 Ra5 51.Re8+ Kc7 52.Rxe6 fxe6 53.f7 Rxe5 
54.Be4 Rxe4 55.f8=Q Re5 56.Qf4 Kd6 57.Qd4+ Rd5 58.Qxb6+ Ke5 59.Kg3 Kf6 60.
Kxg4 Rg5+ 61.Kh4 Rf5 62.Qd8+ Ke5 63.Kg4 Rf4+ 64.Kg5 Rf5+ 65.Kg6 Kf4 66.
Qc7+ Ke4 67.Qc6+ Ke5 68.Qc5+ Ke4 69.Qc4+ Ke5 70.Qe2+ Kd5 71.Qd2+ Ke5 72.
Qe3+ Kd5 1-0

[Event "3rd EUR-ch (w)"]
[Site "Varna BUL"]
[Date "2002.06.04"]
[Round "8.34"]
[White "Makka, Ioulia"]
[Black "Bosboom-Lanchava, Tea"]
[Result "0-1"]
[WhiteElo "2188"]
[BlackElo "2330"]
[EventDate "2002.05.27"]
[PlyCount "80"]

1.e4 c5 2.Nf3 Nc6 3.d4 cxd4 4.Nxd4 Qc7 5.Nc3 e6 6.g3 a6 7.Bg2 Nf6 8.O-O h5
9.h3 Bc5 10.Nb3 Ba7 11.Bf4 Ne5 12.Qe2 d6 13.Rad1 b5 14.Nc1 b4 15.Nb1 Bd7 
16.Qd2 Nc4 17.Qxb4 e5 18.Bg5 Nh7 19.Bd2 Rb8 20.Qc3 Bd4 21.Qf3 Nxb2 22.Rde1
Nc4 23.Nb3 Nxd2 24.N1xd2 Ng5 25.Qd3 Nxh3+ 26.Kh2 Nxf2 27.Qf3 Bg4 28.Rxf2 
Bxf3 29.Rxf3 Ba7 30.c4 h4 31.g4 h3 32.Bxh3 Qe7 33.Kg2 Qg5 34.Nb1 Rc8 35.
N1d2 g6 36.Kf1 Ke7 37.Ke2 Rh4 38.Ref1 f6 39.Na5 Bb6 40.Nab3 Rch8 0-1

[Event "3rd EUR-ch (w)"]
[Site "Varna BUL"]
[Date "2002.06.04"]
[Round "8.35"]
[White "Polushkina, Svetlana"]
[Black "Djingarova, Emilia"]
[Result "0-1"]
[WhiteElo "2159"]
[BlackElo "2315"]
[EventDate "2002.05.27"]
[PlyCount "92"]

1.d4 Nf6 2.c4 g6 3.Nc3 Bg7 4.e4 d6 5.Bd3 Nc6 6.Nge2 e5 7.d5 Nd4 8.Bg5 h6 
9.Bh4 c5 10.dxc6 bxc6 11.O-O O-O 12.Qd2 g5 13.Bg3 c5 14.f3 Nh5 15.Bf2 Nf4 
16.Nxf4 gxf4 17.Kh1 Kh8 18.Be2 Rb8 19.Rad1 Bf6 20.b3 Bg5 21.Nb5 a6 22.Nxd4
cxd4 23.Qe1 Rg8 24.g3 fxg3 25.Bxg3 Be3 26.Bh4 Qd7 27.Bf2 Bf4 28.Rg1 Bb7 
29.Bg3 Be3 30.Rg2 Rg6 31.Bf1 Rbg8 32.Rd3 f5 33.exf5 Qxf5 34.Rxe3 dxe3 35.
Qxe3 Bxf3 36.Bd3 e4 37.Qd4+ Kh7 38.Bf1 Qc5 39.Qxc5 dxc5 40.Kg1 Bxg2 41.
Bxg2 Rxg3 42.hxg3 Rxg3 43.Kf2 Rxg2+ 44.Kxg2 Kg6 45.a3 a5 46.Kf2 Kf5 0-1